LAW OF TORT (Record no. 9582)

MARC details
000 -LEADER
fixed length control field 00296nam a22001457a 4500
003 - CONTROL NUMBER IDENTIFIER
control field SGT
082 ## - DEWEY DECIMAL CLASSIFICATION NUMBER
Classification number 346.03,PAN
100 ## - MAIN ENTRY--PERSONAL NAME
Personal name PANDAY,J.N
245 ## - TITLE STATEMENT
Title LAW OF TORT
250 ## - EDITION STATEMENT
Edition statement 8TH
260 ## - PUBLICATION, DISTRIBUTION, ETC. (IMPRINT)
Place of publication, distribution, etc ALLAHABAD
Name of publisher, distributor, etc CENTRAL LAW PUBLICATION
Year of Publication 2011
300 ## - PAGE DESCRIPTION
No. of Pages 515
650 ## - SUBJECT ADDED ENTRY--TOPICAL TERM
Topical term or geographic name as entry element TORT
942 ## - ADDED ENTRY ELEMENTS (KOHA)
Source of classification or shelving scheme Dewey Decimal Classification
Koha item type Books
942 ## - ADDED ENTRY ELEMENTS (KOHA)
-- 6
Holdings
Withdrawn status Lost status Source of classification or shelving scheme Damaged status Not for loan Collection code Home library Current library Shelving location Date acquired Vendor Name Cost, normal purchase price SGTU Bill Number Total Checkouts Total Renewals Full call number Accession No. (Barcode) Checked out Date last seen Date last borrowed Bill Date Koha item type
    Dewey Decimal Classification     LAW SGT Science & Social Sciences Library SGT Science & Social Sciences Library Text Book 21/07/2016 SATYAM BOOKS 300.00 SGTU 985 10 2 346.03,PAN FL137 03/01/2021 02/12/2020 02/12/2020 11/01/2014 Books
    Dewey Decimal Classification   Not For Loan LAW SGT Science & Social Sciences Library SGT Science & Social Sciences Library Reference Book 21/07/2016 SATYAM BOOKS 300.00 SGTU 985     346.03,PAN FL138   21/07/2016   11/01/2014 Books
    Dewey Decimal Classification     LAW SGT Science & Social Sciences Library SGT Science & Social Sciences Library Text Book 21/07/2016 SATYAM BOOKS 300.00 SGTU 985 6 2 346.03,PAN FL139 03/01/2021 15/12/2020 15/12/2020 11/01/2014 Books
    Dewey Decimal Classification     LAW SGT Science & Social Sciences Library SGT Science & Social Sciences Library Text Book 21/07/2016 SATYAM BOOKS 300.00 SGTU 985 9 2 346.03,PAN FL140 17/05/2021 15/04/2021 15/04/2021 11/01/2014 Books
    Dewey Decimal Classification     LAW SGT Science & Social Sciences Library SGT Science & Social Sciences Library Text Book 21/07/2016 SATYAM BOOKS 300.00 SGTU 985 22 2 346.03,PAN FL141 13/04/2024 30/03/2024 30/03/2024 11/01/2014 Books